000 00519cam a2200145 4500500
005 20260329012708.0
041 _afre
042 _adc
100 1 0 _aTraimond, Bernard
_eauthor
245 0 0 _aQuand les travailleurs sabotaient. France, États-Unis (1897-1918). Dominique Pinsolle Agone, 2024, 480 p., 25 €
260 _c2025.
500 _a24
786 0 _nEsprit | Mai | 5 | 2025-04-29 | p. 163-164 | 0014-0759
856 4 1 _uhttps://shs.cairn.info/revue-esprit-2025-5-page-163?lang=fr&redirect-ssocas=7080
999 _c1873396
_d1873396